| 000 | 00409nam a2200157Ia 4500 | ||
|---|---|---|---|
| 008 | 230917s9999||||xx |||||||||||||| ||und|| | ||
| 040 |
_e34303 _aMAIN |
||
| 041 | _aEnglish | ||
| 082 | _a370.15 S85E | ||
| 100 | _aSprinthall, Norman A | ||
| 245 | 0 | _aEducational psychology: a developmental approach | |
| 250 | _a4th ed. | ||
| 260 |
_aNew York _bRandom House _c1987 |
||
| 300 | _axiv, 595p p. | ||
| 942 | _cOB | ||
| 999 |
_c232788 _d232788 |
||